ডায়াবেটিস নিয়ে নানান কথা / (Record no. 13134)
[ view plain ]
| 000 -LEADER | |
|---|---|
| fixed length control field | 00805nam a2200229 a 4500 |
| 001 - CONTROL NUMBER | |
| JCCL Control Number | 13134 |
| 003 - CONTROL NUMBER IDENTIFIER | |
| JCCL marc code | BD-JhCC |
| 005 - DATE AND TIME OF LATEST TRANSACTION | |
| control field | 20230712092617.0 |
| 008 - FIXED-LENGTH DATA ELEMENTS--GENERAL INFORMATION | |
| fixed length control field | 180729s20182019bg a|||| ||a| 000 0 ben d |
| 020 ## - INTERNATIONAL STANDARD BOOK NUMBER | |
| International Standard Book Number | 9789842101250 |
| 035 ## - SYSTEM CONTROL NUMBER | |
| system control number | (BD-JhCC)13134 |
| 040 ## - CATALOGING SOURCE | |
| Original cataloging agency | BD-JhCC |
| Modifying agency | BD-JhCC |
| 041 ## - LANGUAGE CODE | |
| Language code of Book | bengali |
| 082 ## - DEWEY DECIMAL CLASSIFICATION NUMBER | |
| Classification number | 616.462 |
| Author mark and Year | AGO 2019 |
| 100 ## - MAIN ENTRY--PERSONAL NAME | |
| Personal name | আগরওয়ালা,ডা.বিমল কুমার |
| 245 ## - TITLE STATEMENT | |
| Title | ডায়াবেটিস নিয়ে নানান কথা / |
| Statement of responsibility, etc | ডা.বিমল কুমার আগরওয়ালা। |
| 260 ## - PUBLICATION, DISTRIBUTION, ETC. (IMPRINT) | |
| Place of publication, distribution, etc | ঢাকা : |
| Name of publisher, distributor, etc | গ্রন্থ কুটির |
| Date of publication, distribution, etc | ২০১৯. |
| 300 ## - PHYSICAL DESCRIPTION | |
| Pagination | ২০০ পৃ. : |
| Other physical details | চিত্রাবলী; |
| Dimensions | ২০ সেমি. |
| 650 ## - SUBJECT ADDED ENTRY--TOPICAL TERM | |
| Topical term or geographic name as entry element | Diabetes |
| 942 ## - ADDED ENTRY ELEMENTS (KOHA) | |
| Source of classification or shelving scheme | Dewey Decimal Classification |
| Koha item type | Books |
| Source of classification or shelving scheme | Damaged status | Not for loan | Home library | Current library | Shelving location | Date of accession | Cost, normal purchase price | Total Checkouts | Full call number | Barcode | Date last seen | Copy number | Method of acquisition | Koha item type | Currency |
|---|---|---|---|---|---|---|---|---|---|---|---|---|---|---|---|
| Dewey Decimal Classification | JCC Rouf Library | JCC Rouf Library | General Stacks | 06/14/2023 | 300.00 | 616.462 AGO 2019 | 17827 | 07/12/2023 | C-1 | Purchase | Books | BDT |